00638cam a2200193 a 45000010009000000050017000090080041000260200038000670500021001050820015001262450104001412500012002452600040002573000039002976500028003366500033003647000027003977000020004241746467320240826125304.0120912s2014 moua b 001 0 eng  a9780323101097 (pbk. : alk. paper)00aRT41b.C564 201400a610.7322300aContemporary nursing :bissues, trends, & management /c[edited by] Barbara Cherry, Susan R. Jacob. a6th ed. aSt. Louis, Mo. :bElsevier,cc2014. axvi, 527 p. :bcol. ill. ;c24 cm.12aNursingzUnited States.22aNursing CarezUnited States.1 aCherry, Barbara,cMSN.1 aJacob, Susan R.